01270nam a2200361 a 4500001001100000003000800011006001900019007001500038008004100053010001700094015001500111016001900126020001500145020002100160040002100181035002100202050002400223082001500247100002000262245006700282260003200349300001100381490003600392504005100428533015200479650002900631650002100660655002900681710001700710830003700727856012500764999001900889ebr2002764CaPaEBRm u cr cn|||||||||010820s2001 enk sb 001 0 eng  z 00042474  aGBA0-V88347 a04152022722Uk z0415202272 z0415202280(pbk.) aCaPaEBRcCaPaEBR a(OCoLC)22803987014aRT86.5b.M67 2001eb04a610.732211 aMorrall, Peter.10aSociology and nursingh[electronic resource] /cPeter Morrall. aLondon :bRoutledge,c2001. a217 p.1 aRoutledge essentials for nurses aIncludes bibliographical references and index. aElectronic reproduction.bPalo Alto, Calif. :cebrary,d2013.nAvailable via World Wide Web.nAccess may be limited to ebrary affiliated libraries. 0aNursingxSocial aspects. 0aSocial medicine. 7aElectronic books.2local2 aebrary, Inc. 0aRoutledge essentials for nurses.40uhttp://site.ebrary.com/lib/rucke/Doc?id=2002764zAn electronic book accessible through the World Wide Web; click to view c229724d229724